000
00452nam a2200169Ia 4500
008
090711s9999 xx 000 0 und d
082
_b
65568
100
_a
खांबेटे द. पां.
245
_a
भयकथा
260
_c
1990
300
_a
143
600
_a
खांबेटे द. पां.
630
_a
भयकथा
700
_a
खांबेटे द. पां.
730
_a
भयकथा
942
_c
BOOK
999
_c
310715
_d
310715